000 00818nam a22002537i 4500
999 _c22735
_d22735
003 AR-CdUCM
008 231020b20202020pe a|||| |||| 001 0 spa d
040 _aMUNICIPALIDAD PROVINCIAL DEL CUSCO
_cBIBLIOTECA MUNICIPAL DEL CUSCO
041 _hspa
082 _a869.57018 / N8
_bN8
245 _aNuevo Amanecer Pumacahuino /
260 _aSicuani-Cusco :
_c2020.
300 _a204 páginas. :
_c21 cm.
505 _aMi querida escuela -- Mi ángel -- La roca -- Mamita en tu día -- A mi patria -- El otoño -- Lindo amanecer -- La naturaleza
650 _aEscuela
_91856
650 _a Ambiente
_922115
650 _aMaestra
_949221
650 _a Primavera
_949222
650 _aOtoño
_949223
650 _a Patria
_96885
650 _aProfesor
_949253
942 _2ddc
_cLIBROS
945 _apebm
_d2023-10-20